| 000 | 00650nam a2200217Ia 4500 | ||
|---|---|---|---|
| 003 | GCL | ||
| 008 | 140319s9999 xx 000 0 ara d | ||
| 040 |
_aGCL / _cGCL |
||
| 082 | 0 | 4 |
_a921.1 _bع ى |
| 100 | 1 | _aعيسى ميخائيل سابا | |
| 245 | 1 | 0 |
_aيعقوب صروف / _cعيسى ميخائيل سابا |
| 260 |
_a[S.N] : _bدار المعارف ، _c1980 |
||
| 300 | _a110 ص | ||
| 490 |
_aنوابغ الفكر العربى _v0 |
||
| 650 | 0 | 4 | _aالتراجم الادبية |
| 650 | 0 | 4 | _aالتراجم |
| 650 | 0 | 4 | _aالادباء |
| 650 | 0 | 4 | _aالفلاسفة العرب |
| 650 | 0 | 4 | _aيعقوب صروف |
| 942 |
_2ddc _cBK |
||
| 999 |
_c28457 _d28457 |
||